000 00793nam a2200217Ia 4500
003 GCL
008 140319s9999 xx 000 0 ara d
040 _aGCL /
_cGCL
082 0 4 _a812.009
_bم ج
100 1 _aمحسن مصيلحى
245 1 0 _aجيل بعد جيل :
_bتحولات الخطاب المسرحى المصرى /
_cمحسن مصيلحى
260 _aالقاهرة :
_bالمركز القومى للمسرح والموسيقى ،
_c2005
300 _a294 ص ؛
_c24 سم
490 _aدراسات فى المسرح المعاصر
_v1
650 0 4 _aالمسرحيات
650 0 4 _aالفنون المسرحية
650 0 4 _aالمسرحيات - تاريخ ونقد
650 0 4 _aالمسرح - مصر
650 0 4 _aفن كتابة المسرحية
942 _2ddc
_cBK
999 _c7646
_d7646